000 00817nam a2200229 i 4500
003 IT-RoINE
005 20160219101928.0
008 920725s1954 sp r d spa d
040 _aSpMaBN
_cA2 IT-RoINE
_dIT-RoINE
100 1 _aHartzenbusch, Juan Eugenio,
_d1806-1880
_916350
245 1 4 _aLos amantes de Teruel ;
_bLa Jura en Santa Gadea /
_cJ.E. Hartzenbusch ; introducción y notas de Álvaro Gil Albacete.
260 _aMadrid :
_bEspasa Calpe,
_c1954.
300 _aXXXVII, 209 p. ;
_c19 cm.
336 _2rdacontent
_atext
337 _2rdamedia
_aunmediated
338 _2rdacarrier
_avolume
490 1 _aClásicos castellanos ;
_v113
700 1 _aGil Albacete, Álvaro
_922627
730 3 _aLa Jura en Santa Gadea
_922648
830 0 _922520
_aClásicos castellanos (Espasa-Calpe) ;
_v113
942 _cMTS
999 _c10989
_d10989